Normal view MARC view
  • Sánchez-Macías, Armando

Entry Nombre Personal

Number of records used in: 1

001 - NUMERO DE CONTROL

  • campo de control: 47554

003 - IDENTIFICADOR DE NUMERO DE CONTROL

  • campo de control: UPN

005 - FECHA Y HORA DE LA ÜLTIMA TRANSACCIÓN

  • campo de control: 20230111120825.0

008 - DATOS DE LONGITUD FIJA

  • campo de control de longitud fija: 221206|| acn||aabn | a|a d

024 ## - OTROS IDENTIFICADORES NORMALIZADOS

  • Fuente: orcid
  • Número normalizado o código: 0000-0001-9575-3248

040 ## - FUENTE DE CATALOGACIÓN

  • Agencia original de catalogación: MX-MxUPN

100 1# - ENCABEZAMIENTO - NOMBRE PERSONAL

  • Nombre personal: Sánchez-Macías, Armando

370 ## - LUGAR ASOCIADO

  • Place of birth: México

371 ## - DIRECCIÓN

  • Address: Carretera Salinas - Santo Domingo 200 Salinas Industrial
  • City: Salinas de Hidalgo, San Luis Potosí, San Luis Potosí
  • Country: México
  • Postal code: 78600
  • Electronic mail address: armando.sanchez@uaslp.mx

372 ## - CAMPO DE ACTIVIDAD

  • Field of activity: Educación y ciencias de la administración
  • Field of activity: Tecnologías de la información y comunicación, desarrollo de competencias financieras

373 ## - GRUPO ASOCIADO

  • Associated group: Universidad Autónoma de San Luis Potosí

374 ## - OCUPACIÓN

  • Occupation: Doctor en educación
  • Occupation: Profesor universitario
  • Occupation: Investigador

375 ## - GÉNERO

  • Gender: masculino

377 ## - LENGUA ASOCIADA

  • Language code: spa

400 1# - VEÁSE - NOMBRE DE PERSONA

  • Personal name: Sánchez-Macías, A.

400 1# - VEÁSE - NOMBRE DE PERSONA

  • Personal name: Sánchez, A .

400 1# - VEÁSE - NOMBRE DE PERSONA

  • Personal name: Macías, A.S.

670 ## - FUENTE EN LA QUE SE LOCALIZARON DATOS

  • Cita de la fuente: En recurso en línea Academia y virtualidad, Vol. 12, no. 1 (2019):
  • Información localizada: página 7 (Armando Sánchez-Macías)
  • Uniform Resource Identifier: https://revistas.unimilitar.edu.co/index.php/ravi/article/view/3618/2920

902 ## - CATALOGADOR

  • Catalogador: RGJD/061222